000
00203nam a22000977a 4500
020
_a
9788123700267
082
_a
K500
100
_a
NARLIKAR, JAYANT
245
_a
A JOURNEY THROUGH THE UNIVERSE
942
_c
BK
999
_c
5622
_d
5622